The McGraw-Hill recycling handbooks

Bibliographic Details
Main Author: Lund, Herbert F
Format: Book
Published: New York : McGraw-Hill,Inc. , 1993
Subjects:

MARC

LEADER 00000cam a2200000 7i4500
001 0000004371
002 000004697
005 20080513.0
020 |a 0070390967 
090 0 0 |a 363.7282   |b LUN 
100 1 |a Lund, Herbert F 
245 1 4 |a The McGraw-Hill recycling handbooks   |c Herbert F. Lund 
260 |a New York :   |b McGraw-Hill,Inc. ,   |c 1993 
300 |a p.v. ;   |c 22cm. 
650 0 0 |a Recycling (Waste, etc.) 
650 0 0 |a Recycling (Waste, etc.)   |z United States 
999 |a 00073065   |b BUKU   |c PINJAMAN   |e PERPUSTAKAAN KOMUNITI PETALING JAYA